Sports Quiz

Random Sports or WWE Quiz

Wrestlers to have wrestled on both WWE and TNA PPVs Quiz Stats

 Plays Quiz not verified by Sporcle

Challenge
Share
Tweet
Embed
Score 0/130 Timer 10:00
0 Plays Today
Wrestler % Correct
Matt Hardy
84.1%
Raven
81.3%
Hulk Hogan
80%
Ric Flair
79%
Rhyno
78.4%
Scott Hall
74.3%
Mickie James
72.9%
Jeff Hardy
72.5%
Wolfie D
70.3%
Dusty Rhodes
67%
Monty Brown
64.2%
Road Warrior Animal
64.1%
Brian Kendrick
62.2%
Ricky Morton
61.1%
CM Punk
59.4%
Goldust
58%
Rick Steiner
57.7%
Billy Gunn
57.4%
Tommy Dreamer
55.9%
Grand Master Sexay
55.8%
Umaga
54.2%
Robert Gibson
54.1%
X Pac
53.8%
Kenzo Suzuki
52.7%
Brian Lee
52.6%
Chris Candido
50.5%
Perry Saturn
49.3%
Zach Gowen
49.2%
R Truth
48.2%
Christy Hemme
47.7%
Psicosis
45.5%
Christian
45%
Chavo Guerrero
43.7%
Orlando Jordan
43.6%
MVP
43.2%
Mr Perfect
42.5%
Test
41.7%
Drew McIntyre
41.2%
Jeff Jarrett
40.1%
Low Ki
39.7%
Jean Pierre Lafitte
39.4%
Crash Holly
39.4%
Paul London
38.7%
Rob Van Dam
36.7%
Wrestler % Correct
Matt Morgan
34.7%
Tony Mamaluke
34%
Eric Bischoff
33.9%
Johnny Stamboli
33.8%
Sabu
33.2%
Spike Dudley
33%
Al Snow
32.3%
BB
32.2%
Luke Gallows
32.1%
Randy Savage
31.2%
Gangrel
31%
Bart Gunn
30.7%
Chyna
30.7%
Kevin Nash
30.5%
Mike Awesome
30%
Lex Luger
29.7%
Balls Mahoney
29.6%
Don Harris
29.6%
Too Cold Scorpio
28%
Tajiri
28%
Bobby Lashley
27.9%
The Jackal
27.5%
Justin Credible
27.1%
Mr. Kennedy
26.6%
Sting
26.4%
Mike Knox
26.4%
Romeo Roselli
26.2%
The Sandman
26.1%
Mick Foley
26%
DDP
25.8%
Stevie Richards
25.5%
Brodus Clay
25.4%
Kurt Angle
24.7%
Terry Funk
24.2%
Tyson Tomko
23.8%
Ron Harris
23.2%
Super Crazy
22.9%
Mascarita Sagrada
21.9%
Brian Knobbs
21.7%
Joey Mercury
21.6%
Rikishi
21.6%
Shannon Moore
21.2%
Ken Shamrock
21%
Nunzio
20.2%
Wrestler % Correct
Road Dogg
20%
Sharmell
19.9%
Jimmy Snuka
19.6%
Daivari
19.5%
Bob Backlund
18.6%
Marc Mero
18%
Xavier Woods
17.9%
Brother Devon
17.8%
Brooke
17.7%
Booker T
17.6%
Road Warrior Hawk
17.3%
Antonio Thomas
17.2%
Kid Kash
17.1%
Awesome Kong
17%
Scott Steiner
16.7%
Big Vito
16.7%
Brother Ray
16.1%
Val Venis
16%
Elijah Burke
15.7%
D'Lo Brown
15.6%
Jimmy Wang Yang
14.9%
Hector Garza
14.8%
Heavy Metal
14.7%
Shane Douglas
14.2%
Ariel
13.9%
Katie Lea Burchill
13.7%
Jim Duggan
13.1%
Gal Kim
11.8%
Trinity
11.8%
Victoria
11.7%
Kanyon
11.6%
Trevor Murdoch
11.5%
Moondog Spot
10.8%
Vader
10.7%
Jacqueline
10.4%
Terry Taylor
9.9%
Essa Rios
9.7%
Jerry Sags
9.1%
Juventud Guerrera
9.1%
Doug Basham
8%
Evan Bourne
7.9%
Danny Basham
7.9%

You're not logged in!

Compare scores with friends on all Sporcle quizzes.
OR
Log In

You Might Also Like...

Show Comments

Extras

Curator's Pick Jun 12, 2011ReportNominate
Tags:WWE Quiz, ppv, tna, wrestled, wrestlers

Top Quizzes Today


Score Distribution

Your Account Isn't Verified!

In order to create a playlist on Sporcle, you need to verify the email address you used during registration. Go to your Sporcle Settings to finish the process.

Report this User

Report this user for behavior that violates our Community Guidelines.

Details: